| 000 | 00449nam a2200157Ia 4500 | ||
|---|---|---|---|
| 999 |
_c15346 _d15346 |
||
| 082 | _aTE.0012 | ||
| 100 | _aElias, Mohamed | ||
| 245 | 0 | _aIndia of Melville and Mark Twain : A study in geo-cultural symbolism | |
| 260 |
_c1977 _bUniversity of Kerala |
||
| 300 | _a412p. | ||
| 650 | _aTWAIN, MARK - VIEWS ON INDIA | ||
| 650 | _aINDIA - CULTURAL RELATIONS | ||
| 650 | _aMELVILLE, HERMAN - VIEWS ON INDIA | ||
| 710 | _aManuel, M. | ||
| 942 |
_cTH _2ddc |
||